My Favorite Superheroes - Statistics

General Stats
  • This quiz has been taken 23 times
  • The average score is 4 of 5
Answer Stats
Picture Answer % Correct
Batman
100%
Spider-Man
100%
He-Man
81%
The Question
56%
Mr. Immortal
38%
No matching quizzes found
Score Distribution
Percent of People with Each Score
Percentile by Number Answered
Your Score History
You have not taken this quiz